000 00183 a2200097 4500
020 _a071831007995
041 _aeng
100 _a Cussler, Clive
245 _aWhite death
942 _cBK
999 _c29979
_d29977